| 000 | 01951nam a2200457 c 4500 | ||
|---|---|---|---|
| 999 |
_c114582 _d114582 |
||
| 003 | BLK | ||
| 005 | 20250512095739.0 | ||
| 008 | 180409b bul|||||r ||||||| ||bul|| | ||
| 010 | _aKNG00120013000 | ||
| 020 | _a978-954-625-754-3 | ||
| 040 | _aBLK | ||
| 041 |
_aBUL _cBUL |
||
| 072 | 7 |
_2bullib _aН85 _xДетска художествена литература Н |
|
| 080 |
_aАнглийска литература _b821.111 _x-93-34 _z821.111-93-34 |
||
| 100 | 1 |
_aУотсън, Каръл _eпърви автор _9313558 |
|
| 139 |
_aУотсън, Каръл _bУ 70 |
||
| 245 | 1 | 0 |
_aПриказки за животни + забавни игри _cКаръл Уотсън; адапт. Джил Харви; ил. Ник Прайс; прев. Жечка Ангелова Караславова; задачи Мария Златанова. |
| 257 | _aGBR | ||
| 260 |
_bФют _c2012 _fСофия : Образование и наука |
||
| 300 |
_a56 с. _bс цв. ил. _c20 см |
||
| 380 | _aDX | ||
| 490 | 1 | _aБиблиотека Славейче | |
| 500 | _aОриг. загл. Animal Legends. - Съдържа и Забавни задачи + Читателски дневник. | ||
| 650 | 4 |
_aКниги-игри _9158798 |
|
| 653 | _aприказки | ||
| 653 | _aкниги-игри | ||
| 653 | _aлитература за деца | ||
| 653 | _aдетска литература | ||
| 659 | _aН | ||
| 700 | 1 |
_aХарви, Джил _eадапт. _9376228 |
|
| 700 | 1 |
_aПрайс, Ник _eил. _9313559 |
|
| 700 | 1 |
_aКараславова, Жечка Ангелова _eпрев. _9368049 |
|
| 700 | 1 |
_aЗлатанова, Мария _eзадачи _9374846 |
|
| 852 | _aЦб 255493 | ||
| 856 | 4 | _qpdf | |
| 856 | 4 | _qpdf | |
| 942 |
_cKNG _n0 _025 _s1 |
||
| 944 |
_aCR _c20.06.2012 _lБояна Костадинова _k30551 |
||
| 944 |
_aED _c20.11.2017 _lф / _kВиолета_Тройчева |
||
| 999 | _d114582 | ||